Datum a čas kvízu

20.5 Celkem bodů Celkový počet nahraných bodů na tomto kvízu bez doplňovacích otázek.
8. Pořadí na kvízu Konečné umístění týmu na tomto kvízu.

Zaznamenané odpovědi

# Otázka Odpověď Body Výsledky
1. Jaroslav Němec z Bystrého na S... hlemýždi (šneci) 0
2. Tento ruský opoziční politik v... Boris Naděždin 0
3. Ve čtvrtek byl na Netflixu ods... narkobaronka (šéfka kokainové mafie) 1
4. Které město jako první v České... Brno 1
5. Který Evropan nasázel minulý t... Luka Dončić 0
6. Nejvíce dvojčat na světě se ro... Nigérie 0
7. Dvojčata mohou na počátku nitr... chiméra 1
8. Jako dvojčata byly označovány... WTC 1
9. Jak se jmenuje herec, jehož ob... Rami Malek 1
10. Na závěr tématu se podíváme na... paterčata 0